Miestna samospráva - základné princípy fungovania sprievodca kompetenciami volených predstaviteľov miestnej samosprávy 2010-2014
Salvato in:
| Autore principale: | |
|---|---|
| Altri autori: | , , |
| Natura: | Libro |
| Lingua: | slovacco |
| Pubblicazione: |
Prešov
Asociácia vzdelávania samosprávy
2011
|
| Serie: | Vzdelávanie v samospráve
|
| Soggetti: | |
| Tags: |
Nessun Tag, puoi essere il primo ad aggiungerne!!
|
MARC
| LEADER | 00000nam a2200000 4500 | ||
|---|---|---|---|
| 001 | 0134992 | ||
| 005 | 20250901101707.4 | ||
| 020 | |a 978-80-970616-0-9 | ||
| 041 | 0 | |a slo | |
| 044 | |a SK | ||
| 245 | 1 | 0 | |a Miestna samospráva - základné princípy fungovania |b sprievodca kompetenciami volených predstaviteľov miestnej samosprávy 2010-2014 |c Helena Spišiaková, Oxana Hospodárová, Marta Thurzová, Dušan Demčák |
| 264 | 1 | |a Prešov |b Asociácia vzdelávania samosprávy |c 2011 | |
| 300 | |a 201 s. | ||
| 490 | 1 | |a Vzdelávanie v samospráve | |
| 830 | 0 | |a Vzdelávanie v samospráve | |
| 610 | 2 | 0 | |a samospráva miestna |
| 610 | 2 | 0 | |a legislatíva |
| 610 | 2 | 0 | |a obce |
| 610 | 2 | 0 | |a poslanci |
| 610 | 2 | 0 | |a správa verejná |
| 610 | 2 | 0 | |a financovanie |
| 610 | 2 | 0 | |a politika sociálna |
| 610 | 2 | 0 | |a služby sociálne |
| 100 | 1 | |a Spišiaková, Helena | |
| 700 | 1 | |a Hospodárová, Oxana | |
| 700 | 1 | |a Thurzová, Marta | |
| 700 | 1 | |a Demčák, Dušan | |